الجزء الأول حاشية العلامة الشيخ يس بن زين الدين الحصي الشافعي على شرح العلامة الشهاب أحمد بن الجمال عبد الله بن أحمد بن علي الفاكهي، المسمى، بمجيب الندا على المقدمة، المسماه، بقطر الندى وبل الصدى لأبي محمد عبد الله بن يوسف بن هشام الأنصاري

محفوظ في:

المؤلف الرئيسي: محمد عبد الله بن يوسف ابن هشام الأنصارى.

مؤلفون آخرون: ياسين بن زين الدين الحمصى الشافعى.

التنسيق: كتاب

اللغة: Undetermined

منشور في: Miṣr Matbaeat dar alkutub alearabiat alkubraa 1915

الوسوم: إضافة وسم

لا توجد وسوم, كن أول من يضع وسما على هذه التسجيلة!

رقم الطلب: P15 IBN-ZAI

LEADER 00949nam a2200133Ia 4500
008 240404s9999||||xx |||||||||||||| ||und||
050 4 |a P15 IBN-ZAI 
100 1 |a محمد عبد الله بن يوسف ابن هشام الأنصارى. 
245 1 0 |a الجزء الأول حاشية العلامة الشيخ يس بن زين الدين الحصي الشافعي على شرح العلامة الشهاب أحمد بن الجمال عبد الله بن أحمد بن علي الفاكهي، المسمى، بمجيب الندا على المقدمة، المسماه، بقطر الندى وبل الصدى لأبي محمد عبد الله بن يوسف بن هشام الأنصاري   |c محمد عبد الله بن يوسف ابن هشام الأنصارى 
264 1 |a Miṣr  |b Matbaeat dar alkutub alearabiat alkubraa  |c 1915 
300 |a 212  |c 28 
700 1 |a ياسين بن زين الدين الحمصى الشافعى. 
942 |2 lcc  |c BK 
999 |c 58128  |d 58128